000 00660nam a2200169Ia 4500
005 20250508152019.0
008 008 250505s9999 xx 000 0 eng d
037 _aBooks to be hide in OPAC
040 _aFEDL
_beng
_cFEDL
041 _aeng
_2eng
084 _a351.2, IND/O
_qFEDL
245 0 _aAll-India civil list : A complete directory of the Indian civil and administrative services and other higher services under the union and the state governments. Corrected up to 1.4.1956
260 _aBombay, India
_bThe Associated Advertisers and Printers Ltd.
_c1957
300 _a721p.
942 _cHB
_h351.2, IND/O
999 _c1333608
_d1333608